000 01105nam a2200313 a 4500
001 000111735
003 CHAP
005 20220329144226.0
008 150723s2014 mx a |rm |0|||||spa d
010 _a108196
011 _a109168
040 _cCHAP
090 _aTesis
100 1 _aPlancarte Galán, Pedro Jesús
_9129676
245 1 0 _aEfectividad biológica in vitro de Trichoderma spp., fungicidas químicos y productos orgánicos contra Colletotrichum tropicale Rojas, Rehner y Samuels causante de la antracnosis del noni /
_cpor Pedro Jesús Plancarte Galán.
260 _aCocula, Gro. :
_bEl autor,
_c2014.
300 _a81 h. :
_bil.
502 _aTesis (Ing. Agr. Fitotecnista) -- CSAEGRO. Centro de Estudios Profesionales
590 _aE6096MTM
_b05
_c20150723
_lUCH01
_h0944
650 1 4 _aAntracnosis
_96113
650 1 4 _aColletotrichum.
_925250
650 1 4 _aExtractos vegetales.
_939214
650 1 4 _aFruta
_xEnfermedades por hongos.
_943612
650 1 4 _aFungicidas.
_944044
650 1 4 _aTrichoderma como fungicida.
_9129638
901 _aBK
942 _cTESIS
942 _n0
999 _c108196
_d108196